Tilastot visalle Uzbekistan-visa

Klikkaa tästä pelataksesi tätä visaa!

Yleistilastot

  • Tätä visaa on pelattu 186 kertaa
  • Keskiarvotulos 10 / 16

Vastaustilastot

VihjeVastaus% Oikein
Uzbekistan oli osa tätä valtiota vuoteen 1991 astiNeuvostoliitto
92%
Kutsuttu toiseksi viralliseksi kieleksiVenäjä
92%
Hallitseva uskontoIslam
90%
Alue, jossa Uzbekistan sijaisee{Keski}-Aasia
83%
Maakauppareitti, joka kulki Uzbekistanin halki 1700-luvulle asti{Silkki}tie
83%
Virallinen kieliUzbek
83%
PääkaupunkiTaškent
73%
Enimmäkseen haihtunut järvi, joka oli aiemmin maailman neljänneksi suurin{Aral}järvi
67%
Uzbekistan ja Liechtenstein ovat kaksi ainoata valtiota, jotka ovat ...Kaksinkertaisia {sisämaavaltioita}
60%
Uzbekistanin tärkein rahakasviPuuvilla
51%
Valloittaja, joka valloitti alueen vuonna 327 eaaAleksanteri Suuri
50%
Suurempi etninen ryhmä, johon uzbekit, kazakit ja uiguurit kuuluvat{Turkkilaiset} kansat
49%
Ensimmäinen merkittävä imperiumi, jonka osana Uzbekistan oliAkhaimenidien imperiumi
(Persian imperiumi)
40%
Vuonna 1336 Shahrisabzin kaupungissa syntynyt sotapäällikkö, jonka valloituksissa arviolta 5 prosenttia maailman väestöstä kuoliTimur
36%
Toiseksi väkirikkain kaupunkiSamarkand
34%
Uzbekistan on osa tätä b-kirjaimella alkavaa muinaista aluettaBaktria
26%

Tulosjakauma

Persentiili vastausten määrän mukaan

Jokaisen tuloksen saaneiden osuus

Tuloshistoriasi

Et ole pelannut tätä visaa